College Basketball Starters (2025-26) - Statistics

General Stats
  • This quiz has been taken 229 times
  • The average score is 94 of 395
Answer Stats
Hint Answer % Correct
Cameron Boozer
95%
Braden Smith
82%
Morez Johnson
79%
RJ Smith
79%
Jaylen Crocker-Johnson
78%
Meechie Johnson
78%
Nate Johnson
78%
Koa Peat
77%
Caleb Wilson
74%
Cameron Carr
71%
Coen Carr
71%
Jeremy Fears
71%
Mikel Brown
71%
Aday Mara
69%
Darryn Peterson
69%
Isaiah Evans
68%
Kwame Evans
68%
Quimari Peterson
68%
Yaxel Lendeborg
68%
DeWayne Brown
67%
Terrence Brown
67%
Xzayvier Brown
67%
Elliot Cadeau
65%
Darius Acuff
64%
JT Toppin
62%
Keaton Wagler
61%
Bennett Stirtz
58%
G Caleb Foster
57%
Darrion Williams
57%
Solo Ball
57%
Akai Flemming
56%
Alex Karaban
56%
Caleb Williams
56%
Christian Anderson
56%
Mike Williams
56%
AJ Dybantsa
55%
All Wright
55%
Rob Wright
55%
Thomas Haugh
55%
Tre White
55%
Xaivian Lee
55%
Fletcher Loyer
53%
Kennard Davis
53%
Alex Condon
52%
Brayden Burries
52%
Jamichael Davis
52%
Kingston Flemings
52%
Labaron Philon
52%
Seth Trimble
52%
Tae Davis
52%
Boopie Miller
51%
Donavon Dent
51%
John Blackwell
51%
Trey Kaufman-Renn
51%
Boogie Fland
50%
Baba Miller
49%
Joshua Jefferson
49%
Malik Thomas
49%
Vyctorius Miller
49%
Bruce Thornton
48%
Day Day Thomas
48%
Dedan Thomas
48%
Emmanuel Sharp
48%
Jaden Bradley
48%
Nate Ament
48%
Richie Saunders
48%
Tarris Reed
48%
Tomislav Ivisic
48%
Elijah Saunders
47%
Flory Bidunga
47%
Jaxon Kohler
47%
Josh Reed
47%
Kylan Boswell
47%
Nick Boyd
47%
Otega Oweh
47%
Patrick Ngongba
47%
Dame Sarr
46%
Oscar Cluff
46%
Bishop Boswell
45%
Carson Cooper
45%
Dillon Mitchell
45%
Mark Mitchell
45%
Pryce Sandfort
44%
Tyler Tanner
44%
Sam Hoiberg
43%
Tre Donaldson
43%
Ja'Kobi Gillespie
42%
Henri Veesar
42%
Ian Jackson
42%
Tamin Lipsey
42%
Aden Holloway
41%
Andrej Stojakovic
41%
Braylon Mullins
41%
Melvin Council
41%
Tahaad Pettiford
41%
Zuby Ejiofor
41%
Chris Cenac
40%
Jizzle James
40%
Jojo Tugler
40%
Milos Uzan
40%
Nigel James
40%
Chad Baker-Mazara
39%
Nathan Bittle
39%
Nimari Burnett
37%
Thijs De Ridder
37%
Drayton Jones
36%
Lajae Jones
36%
Malik Mack
36%
Rienk Mast
36%
Shawn Jones
36%
Dallin Hall
35%
Keyshawn Hall
35%
Lamar Wilkerson
35%
Rueben Chinyelu
35%
Trevon Brazile
35%
KJ Lewis
34%
Milan Momcilovic
34%
Acaden Lewis
33%
David Mirkovic
33%
Malik Reneau
33%
Motiejus Krivas
33%
Nick Martinelli
33%
Ryan Conwell
33%
Anthony Roy
32%
Josh Dix
32%
Juke Harris
32%
Quadir Copeland
32%
Sam Lewis
32%
Tucker DeVries
32%
Adam Clark
30%
DJ Wagner
30%
Josh Hubbard
30%
Bryson Tiller
29%
Dailyn Swain
29%
John Mobley
29%
Nolan Winter
29%
Silas Demary
29%
Donnie Freeman
28%
PJ Haggerty
28%
Amari Allen
27%
CJ Cox
27%
Jackson Shelstad
27%
Shelton Henderson
27%
Collin Chandler
26%
David Punch
26%
Keba Keita
26%
Alijah Arenas
25%
Devin Royal
25%
Dillon Hunter
25%
Duke Miles
25%
James Scott
25%
Malik Dia
25%
Blue Cain
24%
Bryce Hopkins
24%
Tyler Nickel
24%
AJ Storr
23%
Cooper Koch
23%
Denzel Aberdeen
23%
Ebuka Okorie
23%
Corey Washington
22%
Hannes Steinbach
22%
Lamar Washington
22%
LeJuan Watts
22%
Sanandra Fru
22%
Solomon Washington
22%
Trent Perry
22%
Tru Washington
22%
Tyler Bilodeau
22%
Cade Tyson
21%
Jordan Pope
21%
Karter Knox
21%
Kobe Knox
21%
Tramon Mark
21%
Eli Rice
20%
Honor Huff
20%
Justin Pippen
20%
Malachi Moreno
20%
Tre Holloman
20%
Aiden Sherrell
19%
BJ Edwards
19%
Donovan Atwell
19%
Isaac McKneely
19%
Tavion Banks
19%
Adrian Stevens
18%
Athony Robinson
18%
Azavier Robinson
18%
Chisom Okpara
18%
Felix Okpara
18%
Ivan Kharchenkov
18%
Jason Green
18%
Latrell Wrightsell
18%
Moustapha Thiam
18%
Nick Pringle
18%
Somto Cyril
18%
Xavier Booker
18%
Christoph Tilly
17%
David Coit
17%
Fred Payne
17%
Jamarques Lawrence
17%
Markus Burton
17%
RJ Godfrey
17%
Sebastian Williams-Adams
17%
Stephon Payne
17%
Zoom Diallo
17%
Darius Adams
16%
John Bol
16%
KeShawn Murphy
16%
Killyan Toure
16%
Nijel Pack
16%
Braeden Shrewsberry
15%
Chase Ross
15%
Duke Brennan
15%
Jarin Stevenson
15%
Jaron Pierre
15%
Jayden Pierre
15%
Jordan Ross
15%
J'Vonne Hadley
15%
Paul McNeil
15%
Tounde Yessoufou
15%
Ven-Allen Lubin
15%
AJ Staton-McCray
14%
Conor Enright
14%
Ernest Udeh
14%
Ben Gold
13%
Kael Combs
13%
Amare Bynum
12%
Andre Mills
12%
Berke Buyuktuncel
12%
Brock Harding
12%
Bryce Lindsay
12%
Dai Dai Ames
12%
Derrion Reid
12%
Devin McGlockton
12%
Eric Dailey
12%
Finley Bizjack
12%
Jayden Reid
12%
Jaylin Sellers
12%
Kayden Mingo
12%
Kevin Overton
12%
Naithan George
12%
Oziyah Sellers
12%
Rashaun Agee
12%
Robert McCray
12%
Sam Alexis
12%
Shawn Phillips
12%
TO Barrett
12%
Treysen Eaglestaff
12%
Xavier Edmonds
12%
Jestin Porter
11%
Johann Grunloh
11%
Luka Bogavac
11%
Cam Manyawu
10%
Jaylen Petty
10%
Jeremiah Wilkinson
10%
Massamba Diop
10%
Matas Vokietaitis
10%
JJ Starling
9%
Kowacie Reeves
9%
Michael Ajayi
9%
Nate Kingz
9%
Neoklis Avdalas
9%
Stefan Vaaks
9%
Tariq Francis
9%
Tayton Conerway
9%
Andrew Rohde
8%
Andrija Jelavic
8%
Bangot Dak
8%
Cam Heide
8%
Dominick Stewart
8%
Donald Hand
8%
Jalen Haralson
8%
Riley Kugel
8%
Samet Yigitoglu
8%
Sean Stewart
8%
Tyler Perkins
8%
Wesley Yates
8%
AK Okereke
7%
Caedin Hamilton
7%
Carter Welling
7%
Dvine Ugochukwu
7%
Malik Moore
7%
Marcus Hill
7%
Moe Odum
7%
Myles Colvin
7%
Nate Calmese
7%
Nik Graves
7%
Rylan Griffen
7%
Tre Carroll
7%
William Kyle
7%
Amani Hansberry
6%
Chauncey Wiggins
6%
Jake Wahlin
6%
Jayden Stone
6%
Jordan Burks
6%
Layden Blocker
6%
Michael Nwoko
6%
Mohamed Wague
6%
Shon Abaev
6%
Themus Fulks
6%
Arrinten Page
5%
Baye Ndongo
5%
Ben Hammond
5%
Blake Buchanon
5%
Cameron Corhen
5%
Carsen Towt
5%
Corey Floyd
5%
Elijah Malone
5%
Emmanuel Ogbole
5%
Ilias Kamardine
5%
Jailen Bedford
5%
Jamichael Stillwell
5%
Jasper Floyd
5%
John Camden
5%
Kam Woods
5%
Kanon Catchings
5%
Kanye Clary
5%
Marquel Sutton
5%
Max Mackinnon
5%
Omaha Biliew
5%
Quincy Ballard
5%
Sebastian Rancik
5%
Toibu Lawal
5%
Tre'Von Spillers
5%
Aiden Shaw
4%
Aleksas Bieliauskas
4%
Austin Swartz
4%
Benny Gealer
4%
Chris Bell
4%
CJ Gunn
4%
Demarco Minor
4%
Dylan Grant
4%
Garett Sundra
4%
Isaac Asuma
4%
Jamie Kaiser
4%
Jayden Epps
4%
Lee Dort
4%
NJ Benson
4%
Patton Pinkins
4%
TK Simpkins
4%
Abdi Bashir
3%
Achor Achor
3%
Barrington Hargress
3%
Christian Coleman
3%
Don McHenry
3%
Ezra Ausar
3%
Filip Borovicanin
3%
Harlan Obioha
3%
Harun Zrno
3%
Isaac Traudt
3%
Jacob Cofie
3%
Jovan Milicevic
3%
Julius Halaifonua
3%
Matthew Hodge
3%
Obi Agbim
3%
Omari Witherspoon
3%
Oswin Erhunmwunse
3%
Parsa Fallah
3%
Roman Siulepa
3%
Ryan Agarwal
3%
Ryan Mela
3%
Seydou Traore
3%
AJ Rohosy
2%
Alex Steen
2%
Barry Dunning
2%
Bobby Durkin
2%
Brenen Lorient
2%
Bryce Ford
2%
Daniel Skillings
2%
Elijah Strong
2%
Felix Kossaras
2%
Franck Kepnang
2%
Isaiah Abraham
2%
Jacari Lane
2%
Jaeden Mustaf
2%
Jayden Hastings
2%
Keanu Dawes
2%
Langston Reynolds
2%
Luka Toews
2%
Michael Rataj
2%
Myles Stute
2%
Pablo Tamba
2%
Ruben Dominguez
2%
Taj Manning
2%
Thomas Bassong
2%
Tre Singleton
2%
Elijah Fisher
1%
Ivan Juric
1%
James Okonkwo
1%
Mike Sharavjamts
1%
Theo Pierre-Justin
1%
Andrija Grbovic
0%
Angelo Claravino
0%
Khamari McGriff
0%
Liutauras Lelevicius
0%
Santiago Trouet
0%
No matching quizzes found
Score Distribution
Percent of People with Each Score
Percentile by Number Answered
Your Score History
You have not taken this quiz